Feyenoord Squad 21/22 - Statistics

General Stats
  • This quiz has been taken 69 times
  • The average score is 17 of 26
Answer Stats
Hint Answer % Correct
GK Bijlow
96%
LW Sinisterra
95%
CB Trauner
95%
ST Dessers
89%
RB Geertruida
89%
LB Malacia
89%
CM Kökçü
88%
ST Linssen
88%
CB Senesi
86%
GK Marciano
80%
CDM Aursnes
77%
RM Nelson
77%
RW Jahanbakhsh
75%
CAM Til
75%
CM Toornstra
75%
RB Pedersen
70%
RW Walemark
63%
GK Jansen
48%
CB Hendriks
43%
CDM Hendrix
43%
RB Hall
38%
CDM Hartjes
32%
CAM Bassett
30%
CAM Milambo
27%
CB Sandler
27%
GK Cojocaru
23%
No matching quizzes found
Score Distribution
Percent of People with Each Score
Percentile by Number Answered
Your Score History
You have not taken this quiz